000 00583nam a22002297a 4500
003 UA-OsUOA
001 46466
007 ta
008 20070619b un ||||| |||| 00| 0 ukr d
100 _aРоттердамский Э.
090 _a821.124
_bР79
942 _cBK
040 _aUA-OsUOA
_brus
_cUA-OsUOA
_dUA-OsUOA
245 _aСтихотворения
300 _a318 с.
955 _a3
041 _arus
080 _a821.124
260 _aМ.
_bНаука
_c1983
650 7 _a82 Література. Літературознавство
_2UDC
999 _c332557
_d332557